书目信息 |
| 题名: |
西洋绘画
|
|
| 作者: | 冯慧娟 编 | |
| 分册: | ||
| 出版信息: | 长春 吉林出版集团有限责任公司 2019.6 |
|
| 页数: | 157页 | |
| 开本: | 22cm | |
| 丛书名: | 全民阅读·经典小丛书 | |
| 单 册: | ||
| 中图分类: | J205.5 , J209.5 | |
| 科图分类: | ||
| 主题词: | 绘画--艺术评论--西方国家 , 绘画史--西方国家 | |
| 电子资源: | ||
| ISBN: | 978-7-5534-7801-2 | |
| 000 | 00969nam 2200301 45 | |
| 001 | 012001000538 | |
| 005 | 20130909084049.0 | |
| 010 | @a978-7-5534-7801-2@dCNY32.00 | |
| 099 | @aCAL 012016071223 | |
| 100 | @a20160614d2015 em y0chiy0110 ea | |
| 101 | 0 | @achi |
| 102 | @aCN@b220000 | |
| 105 | @aa z 000yy | |
| 106 | @ar | |
| 200 | 1 | @a西洋绘画@AXi Yang Hui Hua@f冯慧娟编 |
| 210 | @a长春@c吉林出版集团有限责任公司@d2019.6 | |
| 215 | @a157页@c图@d22cm | |
| 225 | 2 | @a全民阅读·经典小丛书@AQuan Min Yue Du·Jing Dian Xiao Cong Shu@v106 |
| 330 | @a本书内容包括:野牛图;查士丁尼皇帝和廷臣;巴约挂毯;衰掉基督;犹太之吻;逐出乐园;春;维纳斯的诞生等。 | |
| 333 | @a绘画爱好者 | |
| 461 | 0 | @12001 @a全民阅读·经典小丛书 |
| 606 | 0 | @a绘画@x艺术评论@y西方国家 |
| 606 | 0 | @a绘画史@x西方国家 |
| 690 | @aJ205.5@v5 | |
| 690 | @aJ209.5@v5 | |
| 701 | 0 | @a冯慧娟@AFeng Hui Juan@4编 |
| 801 | @aCN@b江苏凤凰@c20211018 | |
| 905 | @b1340048-51@dJ205.5@e1198@f4 | |
| 西洋绘画/冯慧娟编.-长春:吉林出版集团有限责任公司,2019.6 |
| 157页:图;22cm.-(全民阅读·经典小丛书;106) |
| 使用对象:绘画爱好者 |
| ISBN 978-7-5534-7801-2:CNY32.00 |
| 本书内容包括:野牛图;查士丁尼皇帝和廷臣;巴约挂毯;衰掉基督;犹太之吻;逐出乐园;春;维纳斯的诞生等。 |
| ● |
| 相关链接 |
|
|
|
|
正题名:西洋绘画
索取号:J205.5/1198
 
预约/预借
| 序号 | 登录号 | 条形码 | 馆藏地/架位号 | 状态 | 备注 |
| 1 | 1340048 | 213400489 | 第一样本阅览室/ [索取号:J205.5/1198] | 在馆 | |
| 2 | 1340049 | 213400498 | 第一借阅区/ [索取号:J205.5/1198] | 在馆 | |
| 3 | 1340050 | 213400504 | 第一借阅区/ [索取号:J205.5/1198] | 在馆 | |
| 4 | 1340051 | 213400513 | 第一借阅区/ [索取号:J205.5/1198] | 在馆 |